[Event "Linares 87/115"]
[Site "?"]
[Date "2003.??.??"]
[Round "?"]
[White "Ponomariov, R."]
[Black "Kramnik, Vladimir"]
[Result "0-1"]
[WhiteElo "2734"]
[BlackElo "2809"]
[PlyCount "80"]
[EventDate "2003.??.??"]
[Source "Chess Informant"]
[SourceDate "2003.02.01"]

1. e4 c5 2. Nf3 Nc6 3. Bb5 g6 4. Bxc6 dxc6 5. d3 Bg7 6. h3 Nf6 7. Nc3 Nd7 8. Be3 e5 9. Qd2 h6 10. O-O Qe7 11. a3 Nf8 12. b4 Ne6 13. Na4 b6 14. Nh2 f5 15. f3 f4 16. Bf2 h5 17. bxc5 b5 18. Nb2 g5 19. d4 exd4 20. Nd3 Nxc5 21. Nxc5 Qxc5 22. Rfd1 Be6 23. Qb4 Qb6 24. a4 c5 25. Qxb5+ Qxb5 26. axb5 Kf7 27. Ra5 Rhb8 28. Nf1 Be5 29. Rda1 d3 30. Rxa7+ Kf6 31. Rxa8 Rxa8 32. Rxa8 dxc2 33. Rf8+ Kg7 34. Re8 Kf7 35. Rf8+ Kg6 36. Re8 Bc4 37. Rxe5 c1=Q 38. Rxc5 Qxf1+ 39. Kh2 Qxf2 40. Rxc4 g4 0-1

[Event "Novgorod"]
[Site "?"]
[Date "1994.??.??"]
[Round "?"]
[White "Shirov, A."]
[Black "Kramnik, Vladimir"]
[Result "0-1"]
[WhiteElo "2740"]
[BlackElo "2725"]
[PlyCount "80"]
[EventDate "1994.??.??"]
[Source "ChessBase"]
[SourceDate "1994.06.01"]

1. e4 c5 2. Nf3 Nc6 3. Bb5 g6 4. Bxc6 dxc6 5. h3 e5 6. d3 f6 7. c3 Nh6 8. Be3 Nf7 9. O-O g5 10. Qe2 h5 11. Ne1 Be6 12. a3 a5 13. Nd2 b6 14. Nc2 Ra7 15. d4 cxd4 16. cxd4 Rd7 17. dxe5 Nxe5 18. Rfd1 Be7 19. Nf1 Bc4 20. Rxd7 Qxd7 21. Qd2 Bd3 22. Qc3 Bxe4 23. Ng3 Bd5 24. Bxb6 h4 25. Ne2 g4 26. Nf4 Be4 27. Re1 Qf5 28. Ne6 Rg8 29. Ncd4 Nf3+ 30. Kf1 Bd3+ 31. Re2 Bxe2+ 32. Kxe2 Qe4+ 33. Qe3 Nxd4+ 34. Nxd4 Qxe3+ 35. Kxe3 gxh3 36. gxh3 Rg5 37. Nxc6 Bc5+ 38. Bxc5 Rxc5 39. Nd4 a4 40. Kd3 Rc1 0-1

[Event "Corr"]
[Site "?"]
[Date "2002.01.15"]
[Round "?"]
[White "Elwert Hans-Marcus (GER)"]
[Black "Oosterom Joop J.van (NED)"]
[Result "1/2-1/2"]
[WhiteElo "2687"]
[BlackElo "2714"]
[PlyCount "66"]
[EventDate "2002.??.??"]
[Source "www.chesslib.no"]
[SourceDate "2004.05.04"]

1. e4 c5 2. Nf3 Nc6 3. Bb5 g6 4. Bxc6 bxc6 5. O-O Bg7 6. Re1 Nh6 7. c3 O-O 8. h3 f6 9. d4 cxd4 10. cxd4 d6 11. Nc3 Nf7 12. b3 Qa5 13. Bd2 Qa6 14. b4 Rb8 15. a4 Bd7 16. b5 Qb7 17. bxc6 Bxc6 18. d5 Bd7 19. Qe2 Rfc8 20. Rab1 Qc7 21. Nb5 Qc4 22. Qxc4 Rxc4 23. Nbd4 Ra8 24. Rb7 Bxa4 25. Rxe7 f5 26. exf5 Bxd4 27. fxg6 hxg6 28. R1e4 Bxf2+ 29. Kxf2 Rxe4 30. Rxe4 Bb3 31. Re6 Kh7 32. Ng5+ Nxg5 33. Bxg5 Rf8+ 1/2-1/2

[Event "Smolensk RUS"]
[Site "Smolensk RUS"]
[Date "1992.??.??"]
[Round "13"]
[White "Fischer, Robert J"]
[Black "Spassky, Boris Vasily"]
[Result "1/2-1/2"]
[WhiteElo "2785"]
[BlackElo "2560"]
[PlyCount "88"]
[EventDate "1992.??.??"]
[Source "www.chesslib.no"]
[SourceDate "2004.05.04"]

1. e4 c5 2. Nf3 Nc6 3. Bb5 g6 4. Bxc6 bxc6 5. O-O Bg7 6. Re1 f6 7. c3 Nh6 8. d4 cxd4 9. cxd4 O-O 10. Nc3 d6 11. Qa4 Qb6 12. Nd2 Nf7 13. Nc4 Qa6 14. Be3 Qxa4 15. Nxa4 f5 16. exf5 Bxf5 17. Rac1 Rfc8 18. Na5 Bd7 19. b3 Rab8 20. Nc3 Kf8 21. a3 Nh6 22. b4 Nf5 23. Red1 Ke8 24. Ne4 Rb5 25. h3 h5 26. Rd2 a6 27. Kf1 Rd5 28. Rcd1 Rb5 29. Ke2 Be6 30. Rc1 Kd7 31. Nc3 Rbb8 32. Kf1 h4 33. Ke2 Bf6 34. Ne4 Bd5 35. Kd3 Bg7 36. Rdc2 Rc7 37. Re1 Rf8 38. f3 Rb8 39. Nc3 Bg8 40. Ne2 Bf7 41. Rec1 Rbc8 42. Nc4 Rb7 43. Na5 Rbc7 44. Nc4 Rb7 1/2-1/2